Word Scramble Geography by Letter - G - Statistics

General Stats
  • This quiz has been taken 376 times
  • The average score is 8 of 10
Answer Stats
Answer % Correct
Georgia
98%
Ghana
98%
Gaza
97%
Gulf
96%
Giza
95%
Guyana
95%
Greece
93%
Guam
91%
Gabon
90%
Germany
87%
Geneva
86%
Glasgow
86%
Gobi
86%
Guinea
82%
Gambia
80%
Grenada
80%
Gibraltar
79%
Guatemala
79%
Genoa
74%
Galapagos
70%
Gaborone
68%
Ganges
67%
Guangzhou
64%
Georgetown
62%
Gitega
60%
Greenland
60%
Guadalajara
56%
Gettysburg
53%
Guinea Bissau
52%
Gothenburg
48%
Guayaquil
38%
No matching quizzes found
Score Distribution
Percent of People with Each Score
Percentile by Number Answered
Your Score History
You have not taken this quiz